zpět

Detail výsledku týmu

F1-Playland, Kolín

Datum a čas kvízu

21.5 Celkem bodů Celkový počet nahraných bodů na tomto kvízu bez doplňovacích otázek.
1. Pořadí na kvízu Konečné umístění týmu na tomto kvízu.

Zaznamenané odpovědi

# Otázka Odpověď Body Výsledky
1. V pražském Uměleckoprůmyslovém... 0
2. Strana Alternativa pro Německo... 0
3. Nominacím na Oscary vévodí fil... 0
4. Americká firma Nike představil... 0
5. Ligový lídr v přípravě opět in... 0
6. Rok 1989 si přirozeně spojujem... 1
7. Je samozřejmé, že události v z... 0
8. V tomto roce skončil i komunis... 1
9. Nejen politikou živ je člověk.... 0
10. Lidé narození roku 1989 patří... 0